Orientaciones 2003: proyectos de integración escolar

Guardat en:
Dades bibliogràfiques
Autor corporatiu: Ministerio de Educación (Autor)
Format: Llibre
Idioma:espanyol
Publicat: Santiago Ministerio de Educacion 2002
Matèries:
Etiquetes: Afegir etiqueta
Sense etiquetes, Sigues el primer a etiquetar aquest registre!

MARC

LEADER 00000nam a2200000 a 4500
001 UCI9604
003 CL-VaPUC
008 081128e20020000CL |||||||||||||||||spa|d
082 0 4 |a 371.9046  |b MIN  |2 21 
110 2 |a Ministerio de Educación  |e author  |9 533454 
245 1 0 |a Orientaciones 2003: proyectos de integración escolar 
300 |a 23 p 
942 |c BK 
945 |d 20081128 00:00:00  |a rbrito 
260 |a Santiago  |b Ministerio de Educacion  |c 2002 
650 0 |a Educación especial  |9 307486 
650 0 |a Integración escolar  |9 312238 
583 |a last modification  |c 20081128 00:00:00  |k Rodrigo Vera 
999 |c 332117  |d 332115 
952 |0 0  |1 0  |4 0  |6 371_904600000000000_MIN_2002  |7 0  |8 P  |9 419499  |a BIBEDU  |b BIBEDU  |c BIBEDU_PB  |d 2019-11-22  |i 4501616  |o 371.9046 MIN 2002  |p 4501616  |r 2024-01-25  |w 2019-11-22  |y BK  |k EDI 
952 |0 0  |1 0  |4 0  |6 371_904600000000000_MIN_2002  |7 0  |8 P  |9 419500  |a BIBEDU  |b BIBEDU  |c BIBEDU_PB  |d 2019-11-22  |i 4717112  |o 371.9046 MIN 2002  |p 4717112  |r 2024-01-25  |w 2019-11-22  |y BK  |k EPE